00510nam a2200193 a 4500001001300000003000900013005001700022008004100039020001000080082001900090100002200109245003600131260004600167300000900213500003500222505002000257650001600277650002300293nice12345678IN_TiNIC20260116015204.0050524s1987 bana grp 000 0 eng  ac10000a305.40954bFER aFernandes, Walter aTribal Women and Forest Economy aBangalore bIndian Social Institutec1987 a178p aincludes index and biblioraphy2 aAppendix, Index aWomen-India aTribes-India-Women